000
00290nam a22001337a 4500
020
_a
978-81-264--1917
082
_a
823
_b
NAI/A
100
_a
NAIR, RADHA
245
_a
APPU'S BIRTHDAY
260
_a
KOTTAYAM
_b
DC BOOKS
300
_a
29
650
_a
ENGLISH SHORT STORY
_z
KERALA
942
_c
BK
999
_c
3278
_d
3278